<?xml version="1.0" encoding="UTF-8"?>
<record
    xmlns:xsi="http://www.w3.org/2001/XMLSchema-instance"
    xsi:schemaLocation="http://www.loc.gov/MARC21/slim http://www.loc.gov/standards/marcxml/schema/MARC21slim.xsd"
    xmlns="http://www.loc.gov/MARC21/slim">

  <leader>01698    a2200217   4500</leader>
  <controlfield tag="001">35990</controlfield>
  <controlfield tag="005">20260407155637.0</controlfield>
  <controlfield tag="008">260407a1959    arg                 spa d</controlfield>
  <controlfield tag="003">AR-UNSa-BCEJYS</controlfield>
  <datafield tag="040" ind1=" " ind2=" ">
    <subfield code="a">AR-UNSa-BCEJYS</subfield>
    <subfield code="b">spa</subfield>
    <subfield code="c">AR-UNSa-BCEJYS</subfield>
  </datafield>
  <datafield tag="080" ind1=" " ind2=" ">
    <subfield code="a">658.5</subfield>
    <subfield code="x">Planificaci&#xF3;n y control de la producci&#xF3;n
</subfield>
  </datafield>
  <datafield tag="245" ind1="1" ind2="0">
    <subfield code="a">Control de la producci&#xF3;n</subfield>
  </datafield>
  <datafield tag="250" ind1=" " ind2=" ">
    <subfield code="a">2a. ed.</subfield>
  </datafield>
  <datafield tag="264" ind1=" " ind2="1">
    <subfield code="a">New York :</subfield>
    <subfield code="b">McGraw-Hill</subfield>
    <subfield code="c">1959</subfield>
  </datafield>
  <datafield tag="300" ind1=" " ind2=" ">
    <subfield code="a">677 p.</subfield>
    <subfield code="c">24 cm.</subfield>
  </datafield>
  <datafield tag="505" ind1=" " ind2=" ">
    <subfield code="a">1. Funciones del control de la producci&#xF3;n - 2. Tipos de producci&#xF3;n - 3. Clases secundarias de producci&#xF3;n - 4. Tipos y procedimientos de control - 5. Organizaci&#xF3;n del control de la producci&#xF3;n - 6. Previsi&#xF3;n - 7. Previsi&#xF3;n(continuaci&#xF3;n) - 8. Estimaci&#xF3;n - 9. Estimaci&#xF3;n( continuaci&#xF3;n) - 10. Autorizaci&#xF3;n de la actuaci&#xF3;n - 11. Primer planemiento-Aspectos t&#xE9;cnicos - 12. Planeamiento-Aspectos t&#xE9;cnicos - 13. Instrucciones principales de elaboraci&#xF3;n - 14. Sistemas de identificaci&#xF3;n y calendarios - 15. Estimaci&#xF3;n de la mano de obra - 16. Control de existencias en la fabricaci&#xF3;n sobre pedido - 17. Control de existencias(continuaci&#xF3;n) - 18. Planeamiento. Aspectos del control de producci&#xF3;n - 19. Preparaci&#xF3;n de la fabricaci&#xF3;n - 20. Programaci&#xF3;n - 21. Despacho - 22. Mantenimiento de la marcha de la producci&#xF3;n - 23. Otros problemas de taller - 24. Control por bloques y por volumen de trabajo - 25. Control por volumen de producci&#xF3;n - 26. Control por volumen de producci&#xF3;n - 27. Investigaci&#xF3;n operativa - 28. Programaci&#xF3;n lineal - 29. M&#xE1;quinas tabuladoras y calculadoras.</subfield>
  </datafield>
  <datafield tag="942" ind1=" " ind2=" ">
    <subfield code="c">BK</subfield>
  </datafield>
  <datafield tag="590" ind1=" " ind2=" ">
    <subfield code="a">niveau_biblio:m niveau_hierar:0</subfield>
  </datafield>
  <datafield tag="100" ind1="1" ind2=" ">
    <subfield code="a">Moore, Franklin G.</subfield>
  </datafield>
  <datafield tag="700" ind1="1" ind2=" ">
    <subfield code="a">P&#xE9;rez Martinez, Carlos</subfield>
  </datafield>
  <datafield tag="999" ind1=" " ind2=" ">
    <subfield code="c">2600</subfield>
    <subfield code="d">2600</subfield>
  </datafield>
  <datafield tag="952" ind1=" " ind2=" ">
    <subfield code="0">0</subfield>
    <subfield code="1">0</subfield>
    <subfield code="4">0</subfield>
    <subfield code="7">0</subfield>
    <subfield code="a">BCEJYS</subfield>
    <subfield code="b">BCEJYS</subfield>
    <subfield code="c">16</subfield>
    <subfield code="d">2026-04-07</subfield>
    <subfield code="l">0</subfield>
    <subfield code="o">658.5 M821 2ed.</subfield>
    <subfield code="p">L24452</subfield>
    <subfield code="r">2026-04-07 15:56:37</subfield>
    <subfield code="w">2026-04-07</subfield>
    <subfield code="y">L</subfield>
  </datafield>
</record>
